Opúsculo sobre la condición jurídica y civil de la iglesia católica: en general, y especialmente en Chile después de la separada del Estado, y en conformidad a la actual Constitución

Tallennettuna:
Bibliografiset tiedot
Päätekijä: Campillo, José Horacio (Tekijä)
Aineistotyyppi: Kirja
Kieli:espanja
Julkaistu: Santiago Fuentes para la Historia Colonial de Venezuela 1932
Aiheet:
Tagit: Lisää tagi
Ei tageja, Lisää ensimmäinen tagi!

MARC

LEADER 00000nam a2200000 a 4500
001 UCS9187
003 CL-VaPUC
008 971113e19320000CL |||||||||||||||||spa|d
082 0 4 |a 262.9  |b CAM  |2 21 
100 0 |a Campillo, José Horacio  |e author  |9 393478 
245 1 0 |a Opúsculo sobre la condición jurídica y civil de la iglesia católica: en general, y especialmente en Chile después de la separada del Estado, y en conformidad a la actual Constitución 
300 |a 133 p 
942 |c BK 
945 |d 19971113 00:00:00  |a cmena 
260 |a Santiago  |b Fuentes para la Historia Colonial de Venezuela  |c 1932 
650 7 |a DERECHO CANONICO  |2 CL-VaPUC  |9 394213 
650 0 |a Derecho eclesiástico  |9 255055 
650 0 |a Derechos y priviliegios  |9 338404 
650 0 |a Obligaciones   |9 255578 
650 0 |a Derecho privado  |9 258243 
650 0 |a Iglesia y Estado  |9 254995 
651 7 |a CHILE  |2 CL-VaPUC  |9 394214 
583 |a last modification  |c 19971113 00:00:00  |k Rodrigo Vera 
999 |c 263181  |d 263179 
952 |0 0  |1 0  |4 0  |6 262_900000000000000_CAM_1932  |7 0  |8 DER_HDC  |9 292308  |a BIBDER  |b BIBDER  |d 2019-11-19  |i 1900609  |l 1  |o 262.9 CAM 1932  |p 1900609  |r 2023-01-25  |s 2020-03-19  |w 2019-11-19  |x Ubicación 4to Piso  |y BK  |z Estos recursos deben solicitarse con anticipación  |k DER